Premier League Shirt Sponsors 2016-17 Quiz Stats

 Plays Quiz not verified by Sporcle

Also try: Team Endings
Challenge
Share
Tweet
Embed
Score 0/20 Timer 04:00
0 Plays Today
% Correct
Etihad Airways
85.7%
Chevrolet
85.7%
King Power
85.7%
Fly Emirates
82.9%
Standard Chartered
78.6%
Chang
77.1%
Yokohama Tyres
75.7%
AIA
68.6%
Virgin Media
62.9%
Ramsdens
58.6%
% Correct
Mansion Poker
58.6%
Bet 365
57.1%
Mansion Poker
52.9%
Betway
48.6%
138.com
45.7%
Dafabet
42.9%
Dafabet
42.9%
UK.K8.com
31.4%
Sport Pesa
31.4%
BetEast
30%

You're not logged in!

Compare scores with friends on all Sporcle quizzes.
Join for Free
OR
Log In

You Might Also Like...

Show Comments

Extras

Top Quizzes Today


Score Distribution

Your Account Isn't Verified!

In order to create a playlist on Sporcle, you need to verify the email address you used during registration. Go to your Sporcle Settings to finish the process.

Report this User

Report this user for behavior that violates our Community Guidelines.

Details: